000
00304nam a2200097Ia 4500
082
_a
352.3|ACTI
245
0
_a
Action learning, leadership and organizational development in public services
100
_a
Rigg, Clare London, 2009
_9
66906
942
_c
BK
008
210817s9999 xx 000 0 und d
999
_c
215031
_d
215030